Regional geography of Anglo-America / (Record no. 24182)
[ view plain ]
| 000 -LEADER | |
|---|---|
| fixed length control field | 01153nam a2200313 a 4500 |
| 001 - CONTROL NUMBER | |
| control field | 24182 |
| 003 - CONTROL NUMBER IDENTIFIER | |
| rucl marc code | BD-RjUL |
| 005 - DATE AND TIME OF LATEST TRANSACTION | |
| control field | 20211209001022.0 |
| 008 - FIXED-LENGTH DATA ELEMENTS--GENERAL INFORMATION | |
| fixed length control field | 140312r19531943nyuaobd b 001 0 eng d |
| 035 ## - SYSTEM CONTROL NUMBER | |
| System control number | (BD-RjUL)24248 |
| 040 ## - CATALOGING SOURCE | |
| Original cataloging agency | ANL |
| Language of cataloging | eng |
| Transcribing agency | ANL |
| Modifying agency | BD-RjUL |
| 041 ## - LANGUAGE CODE | |
| Language code of text/sound track or separate title | eng |
| 082 00 - DEWEY DECIMAL CLASSIFICATION NUMBER | |
| Classification number | 973 |
| Author mark and year | WHR 1953 |
| 100 1# - MAIN ENTRY--PERSONAL NAME | |
| Personal name | White, C. Langdon |
| Fuller form of name | (Charles Langdon), |
| Dates associated with a name | 1897- |
| 9 (RLIN) | 71849 |
| 245 10 - TITLE STATEMENT | |
| Title | Regional geography of Anglo-America / |
| Statement of responsibility, etc. | by C. Langdon White and Edwin J. Foscue. |
| 260 ## - PUBLICATION, DISTRIBUTION, ETC. (IMPRINT) | |
| Place of publication, distribution, etc. | New York : |
| Name of publisher, distributor, etc. | Prentice-Hall, |
| Date of publication, distribution, etc. | c1943 [Printing 1953]. |
| 300 ## - PHYSICAL DESCRIPTION | |
| Pagination | xxiii, 898 p. : |
| Illustrations | ills., photogs., maps, charts ; |
| Size | 23 cm. |
| 490 1# - SERIES STATEMENT | |
| Series statement | Prentice-Hall geography series |
| 504 ## - BIBLIOGRAPHY, ETC. NOTE | |
| Bibliography, etc | Includes bibliographical references and index. |
| 650 #0 - SUBJECT ADDED ENTRY--TOPICAL TERM | |
| Topical term or geographic name as entry element | Regionalism |
| Geographic subdivision | Canada. |
| 9 (RLIN) | 74494 |
| Topical term or geographic name as entry element | Physical geography |
| Geographic subdivision | Canada. |
| 9 (RLIN) | 73247 |
| Topical term or geographic name as entry element | Land settlement |
| Geographic subdivision | Canada. |
| 9 (RLIN) | 74495 |
| Topical term or geographic name as entry element | Land settlement |
| Geographic subdivision | North America. |
| 9 (RLIN) | 74496 |
| 651 #0 - SUBJECT ADDED ENTRY--GEOGRAPHIC NAME | |
| Geographic name | North America |
| General subdivision | Historical geography. |
| 9 (RLIN) | 587 |
| Geographic name | Canada |
| General subdivision | Historical . |
| 9 (RLIN) | 74497 |
| 700 1# - ADDED ENTRY--PERSONAL NAME | |
| Personal name | Foscue, Edwin J. |
| Fuller form of name | (Edwin Jay), |
| Dates associated with a name | 1899-1972 |
| 830 #0 - SERIES ADDED ENTRY--UNIFORM TITLE | |
| Uniform title | Prentice-Hall geography series |
| 942 ## - ADDED ENTRY ELEMENTS (KOHA) | |
| Source of classification or shelving scheme | Dewey Decimal Classification |
| Koha item type | Books |
| Lost status | Source of classification or shelving scheme | Damaged status | Not for loan | Collection code | Permanent Location | Current Location | Shelving location | Date acquired | Source of acquisition | Total Checkouts | Full call number | Date last seen | Copy number | Koha item type |
|---|---|---|---|---|---|---|---|---|---|---|---|---|---|---|
| Dewey Decimal Classification | Non-fiction | Central Library, University of Rajshahi | Central Library, University of Rajshahi | 05/12/1955 | Asia Foundation | 973 WHR 1953 | 12/03/2014 | C-3 | Books |